A guide to the Temples of Philae /

محفوظ في:

المؤلف الرئيسي: Portman, Ian (مؤلف)

مؤلفون آخرون: Hunwick, Joseph.

التنسيق: كتاب

اللغة: English

الموضوعات:

الوسوم: إضافة وسم

لا توجد وسوم, كن أول من يضع وسما على هذه التسجيلة!

رقم الطلب: ( P )DT73 .P5 P82 1984

LEADER 01102namaa2200325 4500
001 17954
003 OSt
005 20201115105017.0
008 130303s1984 ua ab g 000 0 eng d
952 |0 0  |1 0  |2 lcc  |4 0  |7 1  |9 7643  |a ARCE  |b ARCE  |d 2020-11-15  |l 0  |o ( P )DT73 .P5 P82 1984  |p 1020934  |r 2020-11-15 00:00:00  |w 2020-11-15  |y BK 
999 |c 15757  |d 15757 
010 |a 89960165 
040 |c ARCE Library 
043 |a f-ua--- 
050 0 4 |a ( P )DT73 .P5 P82 1984 
100 1 |a Portman, Ian,  |e author  |9 37803 
245 1 2 |a A guide to the Temples of Philae /  |c Ian Portman ; photography by Joseph Hunwick. 
264 1 |a Cairo :  |b [Palm Press],  |c c1984. 
300 |a 24 pages :  |b illustrations (some color),maps (some color) ;  |c 22 cm. 
336 |a text  |b txt  |2 rdacontent 
337 |a unmediated  |b n  |2 rdamedia 
338 |a volume  |b nc  |2 rdacarrier 
650 0 |a Temples  |z Egypt  |z Philae  |v Guidebooks. 
650 0 |a Islands  |z Egypt  |z Philae  |v Guidebooks. 
651 0 |a Philae (Egypt) 
651 0 |a Egypt  |x Antiquities. 
700 1 |a Hunwick, Joseph.  |9 32406 
900 |a OCLC 23221916 
901 |a reviewed 
942 |c BK  |2 lcc